8 Most Successful Asian Countries in the World Cup - Statistics

General Stats
  • This quiz has been taken 82 times
  • The average score is 7 of 8
Answer Stats
Hint Answer % Correct
13 Iran
99%
27 Japan
99%
31 South Korea
97%
14 Saudi Arabia
95%
4 North Korea
76%
16 Australia
70%
2 Israel
68%
1 Kuwait
57%
No matching quizzes found
Score Distribution
Percent of People with Each Score
Percentile by Number Answered
Your Score History
You have not taken this quiz